000 00232 a2200097 4500
001 59859
100 _a
245 _aClassical Mechanics; With MATLAB Applications
260 _aUSA
_bJones and Bartlett
_c2009
090 _c36694
_d36694
942 _aNUST-CAE
_c
_c29662
999 _c294932
_d294932